تحميل...
Thamassu /
| المؤلف الرئيسي: | |
|---|---|
| التنسيق: | Printed Book |
| اللغة: | Malayalam |
| منشور في: |
1988.
|
| LEADER | 00373nam a2200133Ia 4500 | ||
|---|---|---|---|
| 008 | 150624b xxu||||| |||| 00| | mal d | ||
| 100 | |a Bheeshma Sahni | ||
| 245 | |c Bheeshma Sahni |a Thamassu / | ||
| 260 | |c 1988. | ||
| 300 | |a 287 p. | ||
| 546 | |a In Malayalam. | ||
| 942 | |c BK | ||
| 999 | |c 81607 |d 81607 | ||
| 952 | |0 0 |1 0 |4 0 |7 0 |9 81551 |a UL |b UL |c ST2 |d 1998-09-15 |l 0 |p 61203 |r 2012-10-27 |w 2012-10-27 |y BK | ||